[Event "4th GRENKE Open 2019"]
[Site "Karlsruhe"]
[Date "2019.04.20"]
[Round "5.84"]
[White "Finsterwalder, Sebastian"]
[Black "Soham Das"]
[Result "1-0"]
[WhiteElo "2158"]
[BlackElo "2367"]
[Annotator "NA"]
[PlyCount "74"]
[EventDate "2019.04.18"]
[EventType "swiss"]
[EventCountry "GER"]
[SourceTitle "playchess.com"]
[Source "ChessBase"]
[SourceQuality "1"]

1. d4 f5 2. Bf4 Nf6 3. e3 d6 4. Nf3 h6 5. h4 g6 6. Bc4 e6 7. Nbd2 Nc6 8. Qe2 Qe7 9. Bh2 Bg7 10. O-O-O Ng4 11. Bg3 e5 12. dxe5 dxe5 13. Rhe1 Bd7 14. Nb3 O-O-O 15. Nfd2 e4 16. Nb1 Rhe8 17. Na3 Nce5 18. Rd4 Nxc4 19. Rxc4 Ne5 20. Rc5 Ba4 21. Nb5 c6 22. Nxa7+ Kb8 23. Qc4 Bxb3 24. Nxc6+ bxc6 25. Qxb3+ Kc7 26. Qc3 Qd6 27. Qa5+ Kb7 28. Qb4+ Kc8 29. Qa5 Qc7 30. Qa4 Qb6 31. Rc3 Nd3+ 32. cxd3 Bxc3 33. bxc3 exd3 34. Qa8+ Kd7 35. Qa3 Ke6 36. e4 d2+ 37. Kc2 dxe1=Q 1-0

[Event "4th GRENKE Open 2019"]
[Site "Karlsruhe"]
[Date "2019.04.20"]
[Round "5.87"]
[White "Haerig, Wilfried"]
[Black "Nothnagel, Marian Can"]
[Result "1/2-1/2"]
[WhiteElo "2127"]
[BlackElo "2363"]
[Annotator "NA"]
[PlyCount "60"]
[EventDate "2019.04.18"]
[EventType "swiss"]
[EventCountry "GER"]
[SourceTitle "playchess.com"]
[Source "ChessBase"]
[SourceQuality "1"]

1. e4 e5 2. Nf3 d6 3. d4 exd4 4. Nxd4 Nf6 5. Nc3 Be7 6. Nf5 Bxf5 7. exf5 d5 8. Bf4 O-O 9. Qf3 c6 10. O-O-O b5 11. g4 b4 12. Na4 Qa5 13. b3 Nbd7 14. Kb1 Nb6 15. Nb2 Ne4 16. Bd2 Qa3 17. g5 Nxd2+ 18. Rxd2 Bxg5 19. Rd3 Bf6 20. Nd1 a5 21. Qe3 Nd7 22. Qc1 Qxc1+ 23. Kxc1 a4 24. Bg2 axb3 25. axb3 Rfe8 26. Kd2 Ne5 27. Rg3 Bh4 28. Rh3 Bg5+ 29. Ke2 Ra2 30. Re1 Nf3+ 1/2-1/2

[Event "4th GRENKE Open 2019"]
[Site "Karlsruhe"]
[Date "2019.04.20"]
[Round "5.88"]
[White "Taras, Marian"]
[Black "Arcuti, Davide"]
[Result "1/2-1/2"]
[WhiteElo "2020"]
[BlackElo "2358"]
[Annotator "NA"]
[PlyCount "94"]
[EventDate "2019.04.18"]
[EventType "swiss"]
[EventCountry "GER"]
[SourceTitle "playchess.com"]
[Source "ChessBase"]
[SourceQuality "1"]

1. d4 Nf6 2. c4 e6 3. Nc3 Bb4 4. e3 d5 5. Nge2 dxc4 6. a3 Be7 7. Ng3 c5 8. Bxc4 a6 9. O-O b5 10. Be2 Bb7 11. dxc5 Bxc5 12. b4 Qxd1 13. Rxd1 Be7 14. Ra2 Nbd7 15. Rad2 Nb6 16. e4 Rc8 17. Bb2 O-O 18. f3 Rc7 19. Nb1 Rfc8 20. Bd4 Nc4 21. Bxc4 Rxc4 22. Nf1 Rc1 23. Ne3 h5 24. Bb2 Rxd1+ 25. Rxd1 Kf8 26. Nd2 a5 27. bxa5 Bc5 28. Ndf1 Ra8 29. Rc1 Nd7 30. Rd1 Ke7 31. Bxg7 f6 32. Kh1 Bxa3 33. Ng3 h4 34. Nh5 Rxa5 35. Ng4 Bb2 36. e5 Bxe5 37. Nxe5 fxe5 38. Bh6 b4 39. Bg5+ Ke8 40. h3 e4 41. Ng7+ Kf8 42. Nxe6+ Kf7 43. Nd8+ Ke8 44. Nxb7 Rxg5 45. Nd6+ Ke7 46. fxe4 Nc5 47. Nf5+ Kf7 1/2-1/2

[Event "4th GRENKE Open 2019"]
[Site "Karlsruhe"]
[Date "2019.04.20"]
[Round "5.89"]
[White "Herm, Marcel"]
[Black "Buhmann, Rainer"]
[Result "0-1"]
[WhiteElo "2016"]
[BlackElo "2581"]
[Annotator "ChessBase"]
[PlyCount "76"]
[EventDate "2019.04.18"]
[EventType "swiss"]
[EventCountry "GER"]
[SourceTitle "playchess.com"]
[Source "ChessBase"]
[SourceQuality "1"]

1. d4 Nf6 2. c4 e6 3. g3 Bb4+ 4. Bd2 Be7 5. Bg2 d5 6. Nf3 Ne4 7. Bf4 g5 8. Be3 c6 9. Qc2 Nd7 10. O-O h5 11. c5 f5 12. Ne5 Rg8 13. Nxd7 Qxd7 14. f3 Nf6 15. Nc3 Bd8 16. Bf2 h4 17. gxh4 gxh4 18. Kh1 h3 19. Bxh3 Qh7 20. Bg2 Bc7 21. h3 Nh5 22. e3 Qg7 23. Rg1 Ng3+ 24. Kh2 Nf1+ 25. Kh1 Ng3+ 26. Kh2 Ne2+ 27. f4 Nxg1 28. Rxg1 Qh7 29. Qb3 Bd8 30. Bf3 Rxg1 31. Bxg1 Bh4 32. Qd1 Bd7 33. Bh5+ Ke7 34. Bf3 Rg8 35. Ne2 Be8 36. Qb3 Kf8 37. Bg2 Qg7 38. Bf3 Bh5 0-1

[Event "4th GRENKE Open 2019"]
[Site "Karlsruhe"]
[Date "2019.04.20"]
[Round "5.90"]
[White "Hinrichs, Lars"]
[Black "Schroeder, Jan-Christian"]
[Result "0-1"]
[WhiteElo "2232"]
[BlackElo "2577"]
[Annotator "ChessBase"]
[PlyCount "68"]
[EventDate "2019.04.18"]
[EventType "swiss"]
[EventCountry "GER"]
[SourceTitle "playchess.com"]
[Source "ChessBase"]
[SourceQuality "1"]

1. e4 e5 2. Nc3 Nf6 3. g3 Bc5 4. Bg2 O-O 5. Nge2 c6 6. O-O d5 7. exd5 cxd5 8. d4 exd4 9. Nxd4 Bg4 10. Qd3 Bxd4 11. Qxd4 Nc6 12. Qc5 d4 13. Ne4 Nxe4 14. Bxe4 Re8 15. Bg5 f6 16. Qd5+ Kh8 17. Bf4 Qb6 18. f3 Be6 19. Qh5 Bg8 20. Kh1 Rac8 21. a4 Ne5 22. a5 Qb5 23. Rad1 Re7 24. Rf2 Qxb2 25. Rfd2 Rd8 26. g4 Qc3 27. Rf2 Qxa5 28. Qh4 Nf7 29. Rfd2 Ne5 30. g5 f5 31. Bxf5 Nxf3 32. Qh3 Qd5 33. Rg2 Re1+ 34. Rxe1 Nxe1 0-1

[Event "4th GRENKE Open 2019"]
[Site "Karlsruhe"]
[Date "2019.04.20"]
[Round "5.91"]
[White "Wurzel, Andre"]
[Black "Zanan, Evgeny"]
[Result "0-1"]
[WhiteElo "2230"]
[BlackElo "2510"]
[Annotator "ChessBase"]
[PlyCount "62"]
[EventDate "2019.04.18"]
[EventType "swiss"]
[EventCountry "GER"]
[SourceTitle "playchess.com"]
[Source "ChessBase"]
[SourceQuality "1"]

1. Nf3 Nf6 2. c4 g6 3. Nc3 Bg7 4. e4 d6 5. d4 O-O 6. Be2 Nbd7 7. O-O e5 8. Re1 exd4 9. Nxd4 Nc5 10. f3 a5 11. Be3 Re8 12. Qd2 Bd7 13. Bf1 Qb8 14. Kh1 h5 15. Rac1 b6 16. b3 Qb7 17. Ndb5 Rad8 18. Rcd1 Ne6 19. Nd5 Qb8 20. Nbc3 Nh7 21. Qc2 Nc5 22. Nf4 Qb7 23. Qd2 Bc8 24. Nfe2 c6 25. Nd4 Qc7 26. Bf2 Bb7 27. Qc1 Qe7 28. Qd2 Nf8 29. Be3 Nfe6 30. Nxe6 fxe6 31. Bg5 Bxc3 0-1

[Event "4th GRENKE Open 2019"]
[Site "Karlsruhe"]
[Date "2019.04.20"]
[Round "5.92"]
[White "Prithu Gupta"]
[Black "Cofmann, Veaceslav"]
[Result "1/2-1/2"]
[WhiteElo "2478"]
[BlackElo "2232"]
[Annotator "TA"]
[PlyCount "185"]
[EventDate "2019.04.18"]
[EventType "swiss"]
[EventCountry "GER"]
[SourceTitle "playchess.com"]
[Source "ChessBase"]
[SourceQuality "1"]

1. c4 e5 2. Nc3 Nf6 3. Nf3 Nc6 4. e4 d6 5. d4 Bg4 6. d5 Nd4 7. Be2 Nxe2 8. Qxe2 Nd7 9. h3 Bxf3 10. Qxf3 a6 11. Qe2 Be7 12. b3 O-O 13. O-O Bg5 14. Bb2 Bh6 15. Nd1 Qh4 16. Qg4 Qxg4 17. hxg4 g6 18. Nc3 Nf6 19. f3 Be3+ 20. Kh2 Bd4 21. g5 Nd7 22. Nd1 Bxb2 23. Nxb2 f6 24. gxf6 Rxf6 25. Nd3 Nc5 26. Nxc5 dxc5 27. a3 a5 28. b4 axb4 29. axb4 Rxa1 30. Rxa1 cxb4 31. c5 b6 32. c6 b3 33. Rb1 Kf7 34. Rxb3 Ke7 35. Ra3 Rf8 36. Ra7 Kd6 37. Kg3 h6 38. Kf2 h5 39. Kg3 g5 40. Kf2 Rg8 41. Ra1 Kc5 42. Ra7 Rc8 43. Ke3 Kd6 44. Ra1 Rf8 45. Rh1 Rh8 46. Kd3 Kc5 47. Kc3 h4 48. Ra1 h3 49. gxh3 Rxh3 50. Ra7 Rxf3+ 51. Kd2 Rf7 52. Ra8 g4 53. Rg8 Rf4 54. Ke3 b5 55. Rg5 b4 56. Rxe5 Rf3+ 57. Kd2 b3 58. Rg5 g3 59. Kc1 Kb4 60. d6 cxd6 61. Kb2 Rc3 62. Kb1 Rxc6 63. Rxg3 Rc3 64. Rg8 Rd3 65. Rb8+ Kc3 66. Rc8+ Kd4 67. Re8 Rd2 68. Re7 Re2 69. Rd7 Ke5 70. Re7+ Kf6 71. Rb7 Rxe4 72. Rxb3 Rc4 73. Re3 d5 74. Kb2 Kf5 75. Re1 Kf4 76. Kb3 Rc5 77. Kb4 Rc2 78. Kb3 Rc4 79. Rd1 Ke4 80. Re1+ Kd4 81. Rd1+ Kc5 82. Rd2 Rb4+ 83. Kc3 d4+ 84. Kd3 Rb3+ 85. Kc2 Re3 86. Kd1 Ra3 87. Rc2+ Kd5 88. Rc8 Ke4 89. Rh8 Rg3 90. Kd2 Rg2+ 91. Kd1 Kd3 92. Rh3+ Kc4 93. Rf3 1/2-1/2

[Event "4th GRENKE Open 2019"]
[Site "Karlsruhe"]
[Date "2019.04.20"]
[Round "5.93"]
[White "Henderson de La Fuente, Lance"]
[Black "Schmuecker, Marcus"]
[Result "1-0"]
[WhiteElo "2471"]
[BlackElo "2230"]
[Annotator "ChessBase"]
[PlyCount "83"]
[EventDate "2019.04.18"]
[EventType "swiss"]
[EventCountry "GER"]
[SourceTitle "playchess.com"]
[Source "ChessBase"]
[SourceQuality "1"]

1. e4 e6 2. d4 d5 3. Nd2 c5 4. Ngf3 cxd4 5. exd5 Qxd5 6. Bc4 Qd7 7. O-O Nc6 8. Nb3 Nf6 9. Qe2 a6 10. a4 Bd6 11. Bg5 e5 12. Nbxd4 Nxd4 13. Nxd4 O-O 14. Bxf6 exd4 15. Bh4 Qg4 16. Bg3 Bxg3 17. fxg3 Qxe2 18. Bxe2 Be6 19. Bd3 Rac8 20. b3 Rfd8 21. a5 Bd7 22. Rae1 Re8 23. Rxe8+ Bxe8 24. Rf4 Rd8 25. Kf2 Bc6 26. Bc4 Rd7 27. h4 g6 28. g4 Kg7 29. g5 Bb5 30. Bxb5 axb5 31. Ke2 h6 32. gxh6+ Kxh6 33. g4 g5 34. Rf6+ Kg7 35. hxg5 b4 36. Kd3 Rc7 37. Rb6 Rc3+ 38. Kxd4 Rxc2 39. Rxb4 Ra2 40. Rb5 Rg2 41. Kc5 Rxg4 42. Kb6 1-0

[Event "4th GRENKE Open 2019"]
[Site "Karlsruhe"]
[Date "2019.04.20"]
[Round "5.94"]
[White "Namyslo, Holger"]
[Black "Lodici, Lorenzo"]
[Result "0-1"]
[WhiteElo "2226"]
[BlackElo "2463"]
[Annotator "ChessBase"]
[PlyCount "42"]
[EventDate "2019.04.18"]
[EventType "swiss"]
[EventCountry "GER"]
[SourceTitle "playchess.com"]
[Source "ChessBase"]
[SourceQuality "1"]

1. e4 e5 2. Nf3 Nc6 3. Bc4 Nf6 4. Ng5 d5 5. exd5 Na5 6. Bb5+ c6 7. dxc6 bxc6 8. Bd3 Nd5 9. Nf3 Bd6 10. O-O Nf4 11. Re1 Nxd3 12. cxd3 O-O 13. b4 Bxb4 14. Nxe5 Qd4 15. Nc3 Bc5 16. Qf3 f6 17. Nc4 Nxc4 18. dxc4 Bg4 19. Qg3 Rfe8 20. Rf1 Bd6 21. Qh4 g5 0-1

[Event "4th GRENKE Open 2019"]
[Site "Karlsruhe"]
[Date "2019.04.20"]
[Round "5.95"]
[White "Carre, Sylvain"]
[Black "Mesaros, Florian"]
[Result "0-1"]
[WhiteElo "2224"]
[BlackElo "2447"]
[Annotator "NA"]
[PlyCount "113"]
[EventDate "2019.04.18"]
[EventType "swiss"]
[EventCountry "GER"]
[SourceTitle "playchess.com"]
[Source "ChessBase"]
[SourceQuality "1"]

1. d4 Nf6 2. Bf4 d5 3. e3 c5 4. c3 Nc6 5. Nd2 e6 6. Ngf3 cxd4 7. exd4 Nh5 8. Bg5 f6 9. Be3 Bd6 10. g3 O-O 11. Bd3 Qe8 12. Qc2 g6 13. Nh4 f5 14. Bh6 Rf7 15. O-O Nf6 16. f3 Bd7 17. Rae1 Rc8 18. Qb1 Kh8 19. Bg5 Qg8 20. Ng2 Bf8 21. Nf4 h6 22. Bxf6+ Rxf6 23. Bb5 Nb8 24. Be2 g5 25. Nd3 Nc6 26. Bd1 a6 27. Ba4 b5 28. Bd1 h5 29. Nb3 Rc7 30. Nbc5 Bc8 31. b4 Rh6 32. Kf2 g4 33. f4 h4 34. Rh1 Rch7 35. Kg2 hxg3 36. hxg3 Rxh1 37. Rxh1 Rxh1 38. Kxh1 Qh7+ 39. Kg1 Qh3 40. Qc2 Bxc5 41. bxc5 Qxg3+ 42. Kh1 Kg7 43. Qe2 a5 44. a3 Kf7 45. Bc2 Ba6 46. Ne5+ Nxe5 47. fxe5 Qxc3 48. a4 bxa4 49. Qxa6 Qxc2 50. Qb7+ Kg6 51. Qe7 a3 52. Qxe6+ Kg5 53. Qf6+ Kf4 54. e6 Qd1+ 55. Kg2 Qe2+ 56. Kg1 a2 57. Qh6+ 0-1

[Event "4th GRENKE Open 2019"]
[Site "Karlsruhe"]
[Date "2019.04.20"]
[Round "5.96"]
[White "Jeitz, Christian"]
[Black "Kurmann, Oliver"]
[Result "*"]
[WhiteElo "2222"]
[BlackElo "2433"]
[Annotator "NA"]
[PlyCount "30"]
[EventDate "2019.04.18"]
[EventType "swiss"]
[EventCountry "GER"]
[SourceTitle "playchess.com"]
[Source "ChessBase"]
[SourceQuality "1"]

1. e4 e5 2. Nf3 Nc6 3. Bb5 a6 4. Ba4 Nf6 5. O-O b5 6. Bb3 Bc5 7. c3 d6 8. d4 Bb6 9. h3 Bb7 10. Re1 O-O 11. a4 exd4 12. cxd4 Re8 13. Nc3 b4 14. Nd5 Nxd4 15. Nxd4 Nxd5 *

[Event "4th GRENKE Open 2019"]
[Site "Karlsruhe"]
[Date "2019.04.20"]
[Round "5.97"]
[White "Barp, Alberto"]
[Black "Michalczak, Thomas"]
[Result "0-1"]
[WhiteElo "2424"]
[BlackElo "2226"]
[Annotator "NA"]
[PlyCount "90"]
[EventDate "2019.04.18"]
[EventType "swiss"]
[EventCountry "GER"]
[SourceTitle "playchess.com"]
[Source "ChessBase"]
[SourceQuality "1"]

1. d4 g6 2. Nf3 Bg7 3. c4 Nf6 4. Nc3 d5 5. h4 h5 6. Bg5 c6 7. e3 O-O 8. Qb3 dxc4 9. Bxc4 b5 10. Bd3 Be6 11. Qc2 Nbd7 12. O-O Rc8 13. Rac1 a6 14. Bxf6 exf6 15. b4 f5 16. g3 a5 17. a3 axb4 18. axb4 Nb6 19. Ne2 Nd5 20. Qb2 Re8 21. Nc3 Qd6 22. Nxd5 Bxd5 23. Ne1 Rxe3 24. fxe3 Qxg3+ 25. Ng2 Bxg2 26. Qxg2 Qxe3+ 27. Kh1 Qxd3 28. Rfd1 Qe3 29. d5 Qf4 30. dxc6 Qxh4+ 31. Qh2 Qe4+ 32. Qg2 Qxb4 33. Qd5 Qh4+ 34. Kg1 Qg3+ 35. Kf1 Be5 36. Rc2 Qf4+ 37. Rf2 Qc4+ 38. Qxc4 bxc4 39. Rd5 f6 40. Ra2 Kf7 41. Rc5 c3 42. Ra1 Ke6 43. Rd1 h4 44. Kg2 g5 45. Kh3 g4+ 0-1

[Event "4th GRENKE Open 2019"]
[Site "Karlsruhe"]
[Date "2019.04.20"]
[Round "5.98"]
[White "Jerez Perez, Alfonso"]
[Black "Hoerstmann, Rudi"]
[Result "1/2-1/2"]
[WhiteElo "2413"]
[BlackElo "2225"]
[Annotator "NA"]
[PlyCount "145"]
[EventDate "2019.04.18"]
[EventType "swiss"]
[EventCountry "GER"]
[SourceTitle "playchess.com"]
[Source "ChessBase"]
[SourceQuality "1"]

1. e4 g6 2. d4 Bg7 3. Nf3 d6 4. Nc3 c6 5. a4 Nd7 6. Be2 Qc7 7. O-O b6 8. d5 Bb7 9. dxc6 Bxc6 10. Nd5 Qb7 11. Ba6 Qb8 12. Nd4 Bb7 13. Bb5 e6 14. Nc3 a6 15. Bc4 Nc5 16. Re1 Ne7 17. Bg5 h6 18. Bh4 g5 19. Bg3 O-O 20. Ra3 Rd8 21. b4 Qc8 22. Ba2 d5 23. exd5 Nxd5 24. Nxd5 Bxd5 25. Bxd5 Rxd5 26. c3 Nd7 27. Qe2 Ne5 28. h4 Qc4 29. Qe3 Rad8 30. hxg5 hxg5 31. Raa1 Nd3 32. Red1 Nxb4 33. Rdb1 Nc6 34. Nxc6 Qxc6 35. Rxb6 Qxc3 36. Qxc3 Bxc3 37. Rc1 Rd1+ 38. Rxd1 Rxd1+ 39. Kh2 a5 40. Rb5 Rd5 41. Bc7 Kf8 42. Rb8+ Kg7 43. Ra8 Kg6 44. Bb6 Kf5 45. g3 g4 46. Kg2 Ke4 47. Rc8 Kd3 48. Rc7 f5 49. Rc6 Kc2 50. Rxe6 Kb3 51. Re3 Kb4 52. f3 Bd2 53. Re2 gxf3+ 54. Kxf3 Kxa4 55. Re8 Kb3 56. g4 fxg4+ 57. Kxg4 a4 58. Bd8 a3 59. Bf6 Rb5 60. Rc8 Rb4+ 61. Kf3 Rc4 62. Rb8+ Kc2 63. Ra8 Bc1 64. Be7 Bb2 65. Bxa3 Rc3+ 66. Ke4 Bxa3 67. Rd8 Bc5 68. Rc8 Kb3 69. Kd5 Rd3+ 70. Ke4 Rd4+ 71. Kf3 Kc4 72. Re8 Bd6 73. Re4 1/2-1/2

[Event "4th GRENKE Open 2019"]
[Site "Karlsruhe"]
[Date "2019.04.20"]
[Round "5.99"]
[White "Oberhofer, Cedric"]
[Black "Wenninger, Philipp"]
[Result "1/2-1/2"]
[WhiteElo "2212"]
[BlackElo "2391"]
[Annotator "NA"]
[PlyCount "111"]
[EventDate "2019.04.18"]
[EventType "swiss"]
[EventCountry "GER"]
[SourceTitle "playchess.com"]
[Source "ChessBase"]
[SourceQuality "1"]

1. e4 c6 2. d4 d5 3. e5 Bf5 4. Nf3 e6 5. Be2 Ne7 6. O-O c5 7. dxc5 Nec6 8. Be3 Nd7 9. c4 dxc4 10. Na3 Bxc5 11. Nxc4 O-O 12. Bg5 Be7 13. Bxe7 Qxe7 14. Qb3 Rab8 15. Qe3 b5 16. Na3 a6 17. Rfd1 f6 18. exf6 Nxf6 19. Rac1 Nb4 20. Nd4 Be4 21. Bf3 Bxf3 22. Nxf3 Nfd5 23. Qe5 Rbe8 24. Nd4 Qf7 25. f3 Qg6 26. Qe4 Qxe4 27. fxe4 Nf4 28. g3 Nh3+ 29. Kg2 Nf2 30. Rf1 Nxe4 31. Rxf8+ Rxf8 32. Re1 Nc5 33. Re2 Rd8 34. Nac2 Nxc2 35. Nxc2 Kf7 36. Ne1 Rd1 37. Nf3 h6 38. Ne5+ Kf6 39. Ng4+ Ke7 40. Ne5 Kf6 41. Kf3 Rf1+ 42. Kg2 Rf5 43. Ng4+ Ke7 44. Ne3 Re5 45. Kf3 Nd7 46. Rd2 Rc5 47. Rd4 e5 48. Nf5+ Kd8 49. Rd6 e4+ 50. Kxe4 Re5+ 51. Kf4 g5+ 52. Kg4 h5+ 53. Kxg5 Re2 54. h4 a5 55. Ra6 a4 56. Nd4 1/2-1/2

[Event "4th GRENKE Open 2019"]
[Site "Karlsruhe"]
[Date "2019.04.20"]
[Round "5.100"]
[White "Keinanen, Toivo"]
[Black "Damia, Angelo"]
[Result "1/2-1/2"]
[WhiteElo "2390"]
[BlackElo "2215"]
[Annotator "NA"]
[PlyCount "83"]
[EventDate "2019.04.18"]
[EventType "swiss"]
[EventCountry "GER"]
[SourceTitle "playchess.com"]
[Source "ChessBase"]
[SourceQuality "1"]

1. c4 Nf6 2. g3 e6 3. Nf3 d5 4. d4 dxc4 5. Bg2 b5 6. Ne5 Nd5 7. a4 c6 8. O-O Bb7 9. e4 Nb6 10. axb5 cxb5 11. Nc3 b4 12. Na4 N8d7 13. Nxb6 Nxb6 14. d5 Bd6 15. Bf4 exd5 16. exd5 Bxe5 17. Bxe5 O-O 18. Qg4 f6 19. Bd4 Qc8 20. Qh5 g6 21. Qh6 Bxd5 22. Rfe1 Qb7 23. Bc5 Rfe8 24. Bf1 c3 25. bxc3 bxc3 26. Bd4 Qf7 27. Bxc3 Bc4 28. Bg2 Bd5 29. Bh3 Rxe1+ 30. Rxe1 Nc4 31. Qf4 Rf8 32. Bf1 Ne5 33. Bxe5 fxe5 34. Qxf7+ Bxf7 35. Rxe5 Re8 36. Ra5 Re7 37. f4 Rc7 38. Bd3 Rc3 39. Be4 Rc4 40. Bd3 Rc3 41. Be4 Rc4 42. Bd3 1/2-1/2

[Event "4th GRENKE Open 2019"]
[Site "Karlsruhe"]
[Date "2019.04.20"]
[Round "5.101"]
[White "Huber, Philipp"]
[Black "Van Kerkhof, David"]
[Result "1-0"]
[WhiteElo "2208"]
[BlackElo "2389"]
[Annotator "NA"]
[PlyCount "65"]
[EventDate "2019.04.18"]
[EventType "swiss"]
[EventCountry "GER"]
[SourceTitle "playchess.com"]
[Source "ChessBase"]
[SourceQuality "1"]

1. d4 Nf6 2. Bg5 Ne4 3. h4 d5 4. Nd2 Nxd2 5. Qxd2 h6 6. Bf4 e6 7. e3 c5 8. c3 b6 9. Bb5+ Bd7 10. Bd3 Nc6 11. Nf3 Be7 12. Kf1 Bf6 13. Re1 cxd4 14. exd4 a6 15. Kg1 b5 16. g4 Qa5 17. Kg2 O-O-O 18. Bg3 Be7 19. b4 Qb6 20. a4 f6 21. axb5 axb5 22. Qe2 Na7 23. Ra1 e5 24. dxe5 Bxg4 25. e6 Nc6 26. Bxb5 Ne5 27. Ba6+ Kc7 28. Nxe5 Bxe2 29. Nd7+ Bd6 30. Nxb6 Bxa6 31. Rxa6 Bxg3 32. Kxg3 Rd6 33. Na8+ 1-0

[Event "4th GRENKE Open 2019"]
[Site "Karlsruhe"]
[Date "2019.04.20"]
[Round "5.102"]
[White "Meyner, Hannes"]
[Black "Ashwath, R.."]
[Result "1-0"]
[WhiteElo "2204"]
[BlackElo "2388"]
[Annotator "NA"]
[PlyCount "58"]
[EventDate "2019.04.18"]
[EventType "swiss"]
[EventCountry "GER"]
[SourceTitle "playchess.com"]
[Source "ChessBase"]
[SourceQuality "1"]

1. d4 Nf6 2. Bf4 d5 3. e3 e6 4. Nd2 c5 5. Ngf3 Nc6 6. c3 Bd6 7. Bg3 O-O 8. Bd3 b6 9. e4 Be7 10. e5 Nh5 11. a3 a5 12. Qe2 Bb7 13. h4 Nxg3 14. fxg3 h6 15. g4 cxd4 16. cxd4 g6 17. Qe3 Kg7 18. Rc1 Rc8 19. g5 hxg5 20. Nxg5 Nxd4 21. O-O Rxc1 22. Rxc1 Bc5 23. Rxc5 bxc5 24. b4 axb4 25. axb4 Qe7 26. bxc5 Qxc5 27. Kh2 Qc3 28. Nb1 Nf5 29. Qe2 Qd4 1-0

[Event "4th GRENKE Open 2019"]
[Site "Karlsruhe"]
[Date "2019.04.20"]
[Round "5.103"]
[White "Nilsson, Patrik"]
[Black "Goumas, Georgios"]
[Result "1/2-1/2"]
[WhiteElo "2203"]
[BlackElo "2386"]
[Annotator "NA"]
[PlyCount "75"]
[EventDate "2019.04.18"]
[EventType "swiss"]
[EventCountry "GER"]
[SourceTitle "playchess.com"]
[Source "ChessBase"]
[SourceQuality "1"]

1. e4 c5 2. c3 d5 3. exd5 Qxd5 4. d4 Nc6 5. Nf3 Bf5 6. Na3 cxd4 7. Bc4 Qe4+ 8. Be3 O-O-O 9. cxd4 e5 10. O-O exd4 11. Bg5 f6 12. Re1 Qg4 13. h3 Qh5 14. Bd2 Nh6 15. Rc1 Bxa3 16. bxa3 Rhe8 17. Qb3 Rxe1+ 18. Nxe1 Qe8 19. Nd3 Bxd3 20. Bxd3 g5 21. Bb5 Rd6 22. Bb4 Re6 23. Bc4 Re5 24. Bd5 Qd7 25. Bxc6 bxc6 26. Qc4 Kb7 27. Bc5 d3 28. Qb4+ Ka8 29. Rb1 Re8 30. Bd6 Qc8 31. Qc4 Rd8 32. Rb8+ Qxb8 33. Bxb8 d2 34. Qxc6+ Kxb8 35. Qb5+ Ka8 36. Qc6+ Kb8 37. Qb5+ Ka8 38. Qc6+ 1/2-1/2

[Event "4th GRENKE Open 2019"]
[Site "Karlsruhe"]
[Date "2019.04.20"]
[Round "5.104"]
[White "Hedman, Erik"]
[Black "Poysti, Nathanael"]
[Result "1/2-1/2"]
[WhiteElo "2385"]
[BlackElo "2214"]
[Annotator "NA"]
[PlyCount "37"]
[EventDate "2019.04.18"]
[EventType "swiss"]
[EventCountry "GER"]
[SourceTitle "playchess.com"]
[Source "ChessBase"]
[SourceQuality "1"]

1. d4 Nf6 2. c4 e6 3. Nf3 a6 4. Nc3 d5 5. cxd5 exd5 6. Bf4 Bd6 7. g3 O-O 8. Qc2 Nc6 9. Bg5 Bb4 10. a3 Bxc3+ 11. Qxc3 h6 12. Bxf6 Qxf6 13. Ne5 Nxe5 14. dxe5 Qb6 15. Bg2 c6 16. O-O Be6 17. b4 f6 18. exf6 Rxf6 19. e3 1/2-1/2

[Event "4th GRENKE Open 2019"]
[Site "Karlsruhe"]
[Date "2019.04.20"]
[Round "5.105"]
[White "Grigorian, Spartak"]
[Black "Everett, Elijah"]
[Result "1-0"]
[WhiteElo "2384"]
[BlackElo "2210"]
[Annotator "NA"]
[PlyCount "67"]
[EventDate "2019.04.18"]
[EventType "swiss"]
[EventCountry "GER"]
[SourceTitle "playchess.com"]
[Source "ChessBase"]
[SourceQuality "1"]

1. d4 Nf6 2. Nf3 g6 3. g3 Bg7 4. Bg2 O-O 5. O-O d6 6. b3 Nbd7 7. Bb2 e5 8. dxe5 Ng4 9. c4 dxe5 10. Qd2 f6 11. Nc3 Nh6 12. Rfd1 Nf7 13. b4 c6 14. Ne1 Nb6 15. Qc2 Qe7 16. b5 Qc5 17. bxc6 bxc6 18. Na4 Qxc4 19. Nxb6 Qxc2 20. Nxc2 axb6 21. Bxc6 Ra7 22. Bd5 Re8 23. Bc1 Be6 24. Be3 Bxd5 25. Rxd5 Rc8 26. Nb4 Bf8 27. Rb1 Rc4 28. Nd3 e4 29. Nf4 Rxa2 30. Rxb6 f5 31. Rb8 Rac2 32. Rd7 Rc8 33. Rbb7 Nd6 34. Nd5 1-0

[Event "4th GRENKE Open 2019"]
[Site "Karlsruhe"]
[Date "2019.04.20"]
[Round "5.106"]
[White "Ambartsumova, Karina"]
[Black "Lorscheid, Gerhard"]
[Result "1-0"]
[WhiteElo "2377"]
[BlackElo "2202"]
[Annotator "NA"]
[PlyCount "39"]
[EventDate "2019.04.18"]
[EventType "swiss"]
[EventCountry "GER"]
[SourceTitle "playchess.com"]
[Source "ChessBase"]
[SourceQuality "1"]

1. Nf3 d6 2. d4 Nf6 3. c4 Nbd7 4. Nc3 e5 5. e4 Be7 6. Be2 c6 7. O-O a6 8. a4 a5 9. Qc2 O-O 10. Rd1 Qc7 11. b3 Re8 12. d5 Nc5 13. h3 g6 14. Ne1 Qb6 15. Rb1 Bd7 16. Be3 cxd5 17. cxd5 Rec8 18. Nd3 Ne8 19. Bxc5 Qd8 20. Ra1 1-0

[Event "4th GRENKE Open 2019"]
[Site "Karlsruhe"]
[Date "2019.04.20"]
[Round "5.107"]
[White "Kraemer, Enrico"]
[Black "Lye, Lik Zang"]
[Result "0-1"]
[WhiteElo "2200"]
[BlackElo "2377"]
[Annotator "TA"]
[PlyCount "37"]
[EventDate "2019.04.18"]
[EventType "swiss"]
[EventCountry "GER"]
[SourceTitle "playchess.com"]
[Source "ChessBase"]
[SourceQuality "1"]

1. d4 d5 2. c4 dxc4 3. e4 Nc6 4. Be3 Nf6 5. f3 e5 6. d5 Ne7 7. Nc3 Ng6 8. Bxc4 Bd6 9. Nge2 O-O 10. Qd2 Nh5 11. O-O-O a6 12. g4 Nhf4 13. Nxf4 exf4 14. Bf2 Ne5 15. Be2 b5 16. Kb1 Bd7 17. Rc1 Qe7 18. Bd4 b4 19. Nd1 0-1

[Event "4th GRENKE Open 2019"]
[Site "Karlsruhe"]
[Date "2019.04.20"]
[Round "5.108"]
[White "Lagunow, Alexander"]
[Black "Van Ketel, Raoul"]
[Result "1/2-1/2"]
[WhiteElo "2371"]
[BlackElo "2202"]
[Annotator "NA"]
[PlyCount "112"]
[EventDate "2019.04.18"]
[EventType "swiss"]
[EventCountry "GER"]
[SourceTitle "playchess.com"]
[Source "ChessBase"]
[SourceQuality "1"]

1. Nf3 Nf6 2. c4 e6 3. g3 d5 4. d4 Be7 5. Bg2 O-O 6. O-O dxc4 7. Ne5 Nc6 8. Bxc6 bxc6 9. Nxc6 Qe8 10. Nxe7+ Qxe7 11. Qa4 e5 12. dxe5 Qxe5 13. Qxc4 Be6 14. Qd3 Rad8 15. Qe3 Qh5 16. f3 Rfe8 17. Qg5 Bc4 18. Qxh5 Nxh5 19. Nc3 Bxe2 20. Rf2 Ba6 21. Bg5 Nf6 22. Rc1 Bb7 23. Bxf6 gxf6 24. Ne4 Bxe4 25. fxe4 Rd7 26. Rc4 Kg7 27. Rfc2 c5 28. Kf2 Re5 29. Ke3 Rde7 30. Kf4 h5 31. h4 Kg6 32. Rxc5 Rxe4+ 33. Kf3 Re3+ 34. Kf2 Rd3 35. R5c3 Ree3 36. Rxd3 Rxd3 37. Rc7 Rd2+ 38. Ke3 Rxb2 39. Rxa7 Rg2 40. Kf3 Rc2 41. Ra3 Kf5 42. Ra5+ Kg6 43. Ra4 Kf5 44. Rf4+ Ke5 45. a4 Rc3+ 46. Kg2 Ra3 47. Rb4 f5 48. Kh3 Ra2 49. Rb5+ Kf6 50. a5 Kg6 51. Rb6+ Kg7 52. Ra6 Kh7 53. Ra8 Kg7 54. Ra7 Kg6 55. Ra8 Kg7 56. Ra6 Ra4 1/2-1/2